| 000 | 00963nam a22002057a 4500 | ||
|---|---|---|---|
| 005 | 20260304083551.0 | ||
| 008 | 240814b ||||| |||| 00| 0 eng d | ||
| 082 | _aDPer 155.205 J826 April-June 2020 v. 118 n. 4-6 | ||
| 100 |
_aSterling, Joanna. _eauthor. _957590 |
||
| 245 |
_aPolitical Psycholinguistics : _ba comprehensive analysis of the language habits of liberal and conservative social media users / _cJoanna Sterling, John T. Jost, and Richard Bonneau. |
||
| 260 |
_aWashington ; _bAmerican Psychological Association , _cApril 2020. |
||
| 300 |
_aVolume 118, pages 805-834 : _billustration ; _c28 cm. |
||
| 500 | _aJournal of Personality and Social Psychology, vol. 118, no. 4, pages 805-834, April 2020. | ||
| 650 |
_aPolitical psychology. _960062 |
||
| 650 |
_aIndividuality. _919964 |
||
| 700 |
_aSterling, Joanna. and _eauthor. _957591 |
||
| 700 |
_aJost, John T. _eauthor. _957592 |
||
| 700 |
_aBonneau, Richard. _eauthor. _957593 |
||
| 942 |
_2ddc _cPER |
||
| 999 |
_c20404 _d20404 |
||